Manual de Análisis Microbiológico de Alimentos / (Record no. 7514)

000 -CABECERA
fixed length control field 00995nam a22002417a 4500
003 - IDENTIFICADOR DEL NÚMERO DE CONTROL
control field AR-CdUCM
008 - DATOS DE LONGITUD FIJA--INFORMACIÓN GENERAL
fixed length control field 190320b ||||| |||| 00| 0 spa d
040 ## - FUENTE DE LA CATALOGACIÓN
Agencia/entidad que catalogó originalmente la obra MUNICIPALIDAD PROVINCIAL DEL CUSCO
Entidad que transcribió la catalogación BIBLIOTECA MUNICIPAL DEL CUSCO
082 ## - NÚMERO DE LA CLASIFICACIÓN DECIMAL DEWEY
No. de Clasificación 576 /
Notacion interna M22
110 ## - ENTRADA PRINCIPAL--NOMBRE DE ENTIDAD CORPORATIVA
Nombre de la institución, jurisdicción como entrada principal Dirección General de Salud Ambiental
9 (RLIN) 21214
245 ## - MENCIÓN DE TÍTULO
Título Manual de Análisis Microbiológico de Alimentos /
260 ## - PUBLICACIÓN, DISTRIBUCIÓN, ETC.
Lugar de publicación, distribución, etc. Lima :
Nombre de la editorial, distribuidor, etc. Decisión Gráfica ;
Fecha de publicación, distribución, etc. 2001.
300 ## - DESCRIPCIÓN FÍSICA
Nº de Páginas Extensión 181 páginas ;
Otros detalles físicos Tablas, fotografías, ilustraciones
Dimensiones 29cm
505 ## - NOTA DE CONTENIDO CON FORMATO
Nota de contenido formateada Contenido: Examen microbiológico de alimentos -- Equipos y materiales de laboratorio -- Técnicas microbiológicas -- Lavado de materiales -- Esterilización...
650 ## - PUNTO DE ACCESO ADICIONAL DE MATERIA--TÉRMINO DE MATERIA
Descriptor Laboratorio
9 (RLIN) 21215
650 ## - PUNTO DE ACCESO ADICIONAL DE MATERIA--TÉRMINO DE MATERIA
Descriptor Microbiología
9 (RLIN) 21216
650 ## - PUNTO DE ACCESO ADICIONAL DE MATERIA--TÉRMINO DE MATERIA
Descriptor Alimentos
9 (RLIN) 7656
700 ## - PUNTO DE ACCESO ADICIONAL--NOMBRE DE PERSONA
Nombre Personal Azabache Venegas, Neil (Blgo)
9 (RLIN) 21217
700 ## - PUNTO DE ACCESO ADICIONAL--NOMBRE DE PERSONA
Nombre Personal Villanueva Huamán, Edith (Blgo)
9 (RLIN) 21218
700 ## - PUNTO DE ACCESO ADICIONAL--NOMBRE DE PERSONA
Nombre Personal Barrientos Gómez, Giovanna (Blgo)
9 (RLIN) 21219
942 ## - ELEMENTOS DE PUNTO DE ACCESO ADICIONAL (KOHA)
Fuente de clasificación
Tipo de item Libros-BMC
945 ## - PROCESAMIENTO DE INFORMACIÓN LOCAL (OCLC)
Catalogador nom
Holdings
Estado de retiro (separado) Fuente de clasificación o esquema de estanterías Estado dañado Ubicación Sala donde se ubica Nombre de la colección Fecha de adquisición o compra Costo, precio normal en soles Signatura topográfica Código de Barras Última vez visto (Koha) Tipo de ítem (Koha)
No     Sala Ciencias Sala Ciencias Book Cart 2019-03-20 40.00 576 / M22 SC0000000636 2019-03-20 Libros-BMC
No     Sala Ciencias Sala Ciencias Book Cart 2019-03-20 40.00 576 / M22 / e2 SC0000000637 2019-03-20 Libros-BMC

Powered by Koha